Forging the missing link : interdisciplinary stories
Αποθηκεύτηκε σε:
| Κύριος συγγραφέας: | |
|---|---|
| Μορφή: | Βιβλίο |
| Γλώσσα: | English |
| Δημοσίευση: |
Cambridge :
Cambridge University Press,
1992
|
| Θέματα: | |
| Ετικέτες: |
Προσθήκη ετικέτας
Δεν υπάρχουν, Καταχωρήστε ετικέτα πρώτοι!
|
MARC
| LEADER | 00000nam a2200000 i 4500 | ||
|---|---|---|---|
| 001 | 1/95656 | ||
| 008 | 980827s1992 eng d | ||
| 020 | |a 0-521-43962-0 | ||
| 035 | |l 10009824 | ||
| 040 | |a GR-MY-UA |b gre |e aacr | ||
| 041 | 0 | |a eng | |
| 082 | 0 | |a 820 | |
| 100 | 1 | |a Beer, Gillian. | |
| 245 | 1 | 0 | |a Forging the missing link : |b interdisciplinary stories / |c Gillian Beer |
| 260 | |a Cambridge : |b Cambridge University Press, |c 1992 | ||
| 300 | |a 47 p. | ||
| 500 | |a Inaugural lecture delivered 18 November 1991 | ||
| 504 | |a Includes index | ||
| 600 | 1 | 0 | |a Darwin, Charles, |d 1809-1882 |x Influence. |
| 650 | 0 | 0 | |a English literature |y 19th century |x History and criticism. |
| 650 | 0 | 0 | |a Missing link in literature. |
| 650 | 0 | 0 | |a Evolution in literature. |
| 650 | 0 | 0 | |a Literature and anthropology |z Great Britain |x History |y 19th century. |
| 852 | |a INST |b LESVOS |e 19980827 |h 820 BEE |p 005100010726 |q 005100010726 |t BK |y 0 | ||
| 909 | |a Λ |b 037101 | ||
| 922 | |a 1ΕΛΗ |b 199410 |c ΠΠ/ΠΑΠΑΓΑΡΟΥΦΑΛΗ | ||
| 950 | |a 146-1994-09-01 | ||